[Event "GER-chT Federal Cup (Women)"]
[Site "Braunfels"]
[Date "2022.06.17"]
[Round "2.19"]
[White "Peglau, Mirjam"]
[Black "Kuehnel, Lena"]
[Result "1-0"]
[WhiteElo "1834"]
[BlackElo "1928"]
[PlyCount "111"]
[EventDate "2022.06.15"]
[EventType "team-swiss"]
[EventRounds "5"]
[EventCountry "GER"]
[SourceTitle "EXT 2023"]
[Source "ChessBase"]
[SourceDate "2022.10.05"]
[SourceVersion "1"]
[SourceVersionDate "2022.10.05"]
[SourceQuality "1"]

1. d4 d5 2. Nf3 Nf6 3. Bf4 e6 4. e3 c5 5. c3 Nc6 6. Nbd2 Be7 7. Be2 0-0 8. 0-0 Nh5 9. Bg3 Nxg3 10. hxg3 b6 11. Qa4 Bb7 12. Rab1 f6 13. b4 c4 14. b5 Nb8 15. Qc2 a6 16. bxa6 Rxa6 17. e4 Nd7 18. exd5 exd5 19. Rfe1 f5 20. Bf1 Nf6 21. Qxf5 Ne4 22. Qe6+ Kh8 23. Nxe4 dxe4 24. Ne5 Bd5 25. Qh3 Rxa2 26. Ng6+ Kg8 27. Nxf8 Bxf8 28. Rb5 Qf6 29. Re2 Rxe2 30. Bxe2 Qc6 31. Rb1 Be7 32. Bg4 Bd8 33. Bd7 Qd6 34. Bb5 Be6 35. Qh5 Bf7 36. Qf5 e3 37. Qf4 exf2+ 38. Qxf2 Qg6 39. Rf1 h6 40. Qf3 Bc7 41. d5 Bxg3 42. Bxc4 Bd6 43. Bd3 Bc5+ 44. Kh1 Qh5+ 45. Qxh5 Bxh5 46. c4 Bf7 47. Bh7+ Kxh7 48. Rxf7 Kg6 49. Rb7 Kf6 50. Rc7 Bd4 51. Rc6+ Ke7 52. g4 Kd7 53. Kg2 Ke7 54. Kf3 Kf7 55. Ke4 Bc5 56. Kf5 1-0

[Event "GER-ch (Women)"]
[Site "Magdeburg"]
[Date "2021.07.29"]
[Round "6"]
[White "Halas, Julia"]
[Black "Kuehnel, Lena"]
[Result "1-0"]
[WhiteElo "1996"]
[BlackElo "1917"]
[PlyCount "123"]
[EventDate "2021.07.25"]
[EventType "swiss"]
[EventRounds "9"]
[EventCountry "GER"]
[SourceTitle "CBM 203 Extra"]
[Source "ChessBase"]
[SourceDate "2021.09.30"]
[SourceVersion "1"]
[SourceVersionDate "2021.09.30"]
[SourceQuality "1"]

1. d4 d5 2. Nf3 Nf6 3. c4 dxc4 4. e3 e6 5. Bxc4 c5 6. 0-0 a6 7. Be2 Nc6 8. dxc5 Qxd1 9. Rxd1 Bxc5 10. b3 0-0 11. Ba3 Bxa3 12. Nxa3 b5 13. Rac1 Nb4 14. Rd4 Nfd5 15. Ne5 Nxa2 16. Ra1 Nac3 17. Bf3 f6 18. Nd3 Ra7 19. e4 e5 20. Rxd5 Nxd5 21. exd5 Rc7 22. b4 Rc3 23. Nc5 Rd8 24. Kf1 f5 25. Ke1 e4 26. Bd1 Rxd5 27. Nc2 Rdxc5 28. bxc5 Rxc5 29. Nb4 Rc7 30. Bb3+ Kf8 31. Kd2 g6 32. Nd5 Rd7 33. Kc3 Bb7 34. Kd4 Kg7 35. Ke5 Bxd5 36. Bxd5 Rc7 37. Rxa6 Kh6 38. Ra2 Rc1 39. Rb2 Rh1 40. h3 Rg1 41. g3 e3 42. Kf4 exf2 43. Rxf2 Rd1 44. Bc6 b4 45. Rf3 Rc1 46. Bd5 Rd1 47. Bb3 Re1 48. Rd3 Re4+ 49. Kf3 Re7 50. Rd4 Rb7 51. Kf4 Kg7 52. Ke5 h5 53. h4 Re7+ 54. Kf4 Kf6 55. Rxb4 Re4+ 56. Rxe4 fxe4 57. Bd1 e3 58. Kxe3 g5 59. Bxh5 gxh4 60. g4 Kg5 61. Kf3 Kh6 62. Kg2 1-0

[Event "GER-ch (Women)"]
[Site "Magdeburg"]
[Date "2020.08.17"]
[Round "2"]
[White "Kuehnel, Lena"]
[Black "Reitz, Theresa"]
[Result "1/2-1/2"]
[WhiteElo "1972"]
[BlackElo "1942"]
[PlyCount "72"]
[EventDate "2020.08.16"]
[EventType "swiss"]
[EventRounds "9"]
[EventCountry "GER"]
[SourceTitle "CBM 197 Extra"]
[Source "ChessBase"]
[SourceDate "2020.09.30"]
[SourceVersion "1"]
[SourceVersionDate "2020.09.30"]
[SourceQuality "1"]

1. e4 c5 2. Nf3 e6 3. d4 cxd4 4. Nxd4 a6 5. Bd3 Bc5 6. Nb3 Ba7 7. 0-0 Nc6 8. c4 Nf6 9. Qe2 Ne5 10. Nc3 d6 11. Kh1 Nfg4 12. Bf4 Nxf2+ 13. Rxf2 Bxf2 14. Bc2 Ba7 15. c5 Qf6 16. Rf1 h5 17. cxd6 g5 18. Be3 Qg7 19. Bxa7 Rxa7 20. Na4 Bd7 21. Nb6 Bb5 22. Qf2 Bxf1 23. Qxf1 Nc6 24. Nc5 Qxb2 25. Bb3 Rh6 26. d7+ Ke7 27. Nc8+ Kd8 28. Nxa7 Nxa7 29. Nxb7+ Kxd7 30. Qxf7+ Kc6 31. Nd8+ Kd6 32. Nb7+ Ke5 33. Qg7+ Rf6 34. Qxg5+ Rf5 35. Qg7+ Kxe4 36. Nc5+ Ke3 1/2-1/2

[Event "Baden-ch"]
[Site "Niefern"]
[Date "2019.07.27"]
[Round "5"]
[White "Schrems, Hermann"]
[Black "Kuehnel, Lena"]
[Result "1/2-1/2"]
[WhiteElo "2060"]
[BlackElo "1953"]
[PlyCount "92"]
[EventDate "2019.07.24"]
[EventType "swiss"]
[EventRounds "7"]
[EventCountry "GER"]
[SourceTitle "CBM 191 Extra"]
[Source "ChessBase"]
[SourceDate "2019.09.30"]
[SourceVersion "1"]
[SourceVersionDate "2019.09.30"]
[SourceQuality "1"]

1. d4 d5 2. c4 c6 3. cxd5 cxd5 4. Nc3 Nf6 5. Bf4 Nc6 6. e3 a6 7. Bd3 e6 8. Rc1 Bd6 9. Bxd6 Qxd6 10. f4 Bd7 11. Nf3 Rc8 12. 0-0 Ng4 13. Qd2 f5 14. h3 Nf6 15. Na4 0-0 16. Nc5 Rc7 17. Ne5 Ne7 18. Rc2 Bc6 19. Rfc1 Rfc8 20. Qb4 Ne8 21. Qb3 Ng6 22. Nxc6 bxc6 23. Bxa6 Ra8 24. Bf1 Ne7 25. a3 Nf6 26. Qd3 Ne4 27. Qd1 h6 28. Nd3 Rb7 29. Ne5 Rb6 30. Bd3 Nf6 31. g4 Nd7 32. gxf5 Nxf5 33. Bxf5 exf5 34. Rxc6 Qe7 35. Rc8+ Rxc8 36. Rxc8+ Kh7 37. Rc7 Qh4 38. Nxd7 Rxb2 39. Rc2 Qg3+ 40. Kf1 Qxh3+ 41. Ke2 Qg2+ 42. Kd3 Rb3+ 43. Rc3 Qe4+ 44. Kd2 Qg2+ 45. Kd3 Qe4+ 46. Kd2 Qg2+ 1/2-1/2

[Event "Baden-ch"]
[Site "Niefern"]
[Date "2019.07.26"]
[Round "4"]
[White "Kuehnel, Lena"]
[Black "Trifan, Andrei Ioan"]
[Result "0-1"]
[WhiteElo "1953"]
[BlackElo "2247"]
[PlyCount "90"]
[EventDate "2019.07.24"]
[EventType "swiss"]
[EventRounds "7"]
[EventCountry "GER"]
[SourceTitle "CBM 191 Extra"]
[Source "ChessBase"]
[SourceDate "2019.09.30"]
[SourceVersion "1"]
[SourceVersionDate "2019.09.30"]
[SourceQuality "1"]

1. e4 c5 2. Nf3 d6 3. d4 cxd4 4. Nxd4 Nf6 5. f3 e5 6. Bb5+ Nbd7 7. Nf5 d5 8. exd5 a6 9. Ba4 b5 10. Bb3 Nb6 11. Ne3 Bc5 12. Nc3 0-0 13. 0-0 Bf5 14. Kh1 Bg6 15. a4 b4 16. Ne2 Rc8 17. c3 Bxe3 18. Bxe3 Nbxd5 19. Bg5 bxc3 20. Bxf6 Nxf6 21. Nxc3 Qb6 22. a5 Qb7 23. Ra3 Rfd8 24. Qe1 Rc5 25. Rf2 Qc7 26. Re2 Rxa5 27. Rxa5 Qxa5 28. Rxe5 Qb4 29. Ba4 Qxb2 30. Nd5 h6 31. Nxf6+ gxf6 32. Re8+ Rxe8 33. Qxe8+ Kg7 34. h3 Qa1+ 35. Kh2 Qe5+ 36. Kg1 Qxe8 37. Bxe8 Bd3 38. Bc6 f5 39. f4 Kf6 40. Ba4 Bb5 41. Bb3 a5 42. Kf2 a4 43. Ba2 Bd7 44. Kf3 Be6 45. Bb1 a3 0-1

[Event "Verbandsliga Nordbaden 1718"]
[Site "Baden"]
[Date "2018.02.18"]
[Round "6.3"]
[White "Kuehnel, Lena"]
[Black "Pfleger, Michael"]
[Result "1/2-1/2"]
[WhiteElo "1944"]
[BlackElo "2202"]
[PlyCount "145"]
[EventDate "2017.10.08"]
[EventType "team-tourn"]
[EventRounds "9"]
[EventCountry "GER"]
[SourceTitle "EXT 2019"]
[Source "ChessBase"]
[SourceDate "2018.10.10"]
[SourceVersion "1"]
[SourceVersionDate "2018.10.10"]
[SourceQuality "1"]
[WhiteTeam "Birkenfeld"]
[BlackTeam "Bad Mergentheim II"]
[WhiteTeamCountry "GER"]
[BlackTeamCountry "GER"]

1. e4 e5 2. Nf3 Nf6 3. Nc3 Nc6 4. d4 exd4 5. Nxd4 Be7 6. Nxc6 dxc6 7. Qxd8+ Bxd8 8. Bf4 Be6 9. 0-0-0 Ng4 10. Rd2 g5 11. Bg3 h5 12. h3 Nf6 13. f3 h4 14. Bh2 Nh5 15. Kb1 Rg8 16. Ne2 c5 17. g4 hxg3 18. Nxg3 Nxg3 19. Bxg3 c4 20. c3 c6 21. h4 gxh4 22. Bxh4 Bxh4 23. Rxh4 Ke7 24. Bh3 Rg1+ 25. Kc2 Rh1 26. Bxe6 Rxh4 27. Bxc4 b5 28. Bd3 Rd8 29. a3 Rf4 30. Rf2 Rd6 31. Kd2 Rh4 32. Ke2 Rh1 33. c4 bxc4 34. Bxc4 Rdh6 35. b3 R6h2 36. Rxh2 Rxh2+ 37. Ke3 Ra2 38. a4 f6 39. Kf4 Rf2 40. Ke3 Rh2 41. Kf4 Rh5 42. Kg4 Rg5+ 43. Kf4 a5 44. Bd3 Kd6 45. Bc4 Kc5 46. Bf7 Kd4 47. Bc4 c5 48. Bf7 Kd3 49. Bc4+ Kd2 50. Bf7 Ke2 51. Bc4+ Kf2 52. Be6 Re5 53. Bf7 Re7 54. Bd5 Rd7 55. Kf5 Rd6 56. Kf4 Kg2 57. Kg4 Kf2 58. Kf4 Ke2 59. Bc4+ Kd2 60. Bd5 Kc3 61. Kf5 Kd4 62. Kf4 Rb6 63. Bc4 Kc3 64. Kf5 Kb2 65. Be6 Rxb3 66. Bxb3 Kxb3 67. Kxf6 c4 68. e5 c3 69. e6 c2 70. e7 c1Q 71. e8Q Qf4+ 72. Kg7 Qg3+ 73. Kh6 1/2-1/2

[Event "GER-chT Federal Cup (Women)"]
[Site "Braunfels"]
[Date "2016.05.29"]
[Round "5.3"]
[White "Nagel, Verena"]
[Black "Kuehnel, Lena"]
[Result "1-0"]
[WhiteElo "1969"]
[BlackElo "1936"]
[PlyCount "81"]
[EventDate "2016.05.26"]
[EventType "team-swiss"]
[EventRounds "5"]
[EventCountry "GER"]
[SourceTitle "EXT 2019"]
[Source "ChessBase"]
[SourceDate "2018.10.10"]
[SourceVersion "1"]
[SourceVersionDate "2018.10.10"]
[SourceQuality "1"]
[WhiteTeam "Sachsen (W)"]
[BlackTeam "Baden (W)"]
[WhiteTeamCountry "GER"]
[BlackTeamCountry "GER"]

1. d4 d5 2. Nf3 Nf6 3. Bf4 e6 4. e3 Bd6 5. Bg3 c5 6. dxc5 Bxc5 7. Nbd2 Nc6 8. Bd3 0-0 9. Ne5 Nxe5 10. Bxe5 Nd7 11. Bc3 e5 12. Nb3 Bd6 13. 0-0 f5 14. Bxf5 Nf6 15. Bxc8 Rxc8 16. f3 Kh8 17. Rc1 Qe8 18. Kh1 Qg6 19. Qe1 Rfe8 20. Qh4 Rc4 21. Qg3 Qh6 22. Bd2 Nh5 23. Qh3 Qg6 24. Na5 Rc7 25. f4 exf4 26. exf4 Re2 27. f5 Qf7 28. Bg5 b6 29. Nb3 Rcxc2 30. Nd4 Rxc1 31. Rxc1 Re8 32. Ne6 h6 33. Bd2 Be5 34. g4 Nf6 35. g5 Ne4 36. Be3 a6 37. gxh6 gxh6 38. Rg1 Qh7 39. Rg6 h5 40. Qh4 Rxe6 41. Qd8+ 1-0

[Event "GER-chT Federal Cup (Women)"]
[Site "Braunfels"]
[Date "2015.06.04"]
[Round "1.4"]
[White "Kuehnel, Lena"]
[Black "Ley, Sabrina"]
[Result "1/2-1/2"]
[WhiteElo "1963"]
[BlackElo "1743"]
[PlyCount "90"]
[EventDate "2015.06.04"]
[EventType "team-swiss"]
[EventRounds "5"]
[EventCountry "GER"]
[SourceTitle "CBM 167 Extra"]
[Source "ChessBase"]
[SourceDate "2015.09.14"]
[SourceVersion "1"]
[SourceVersionDate "2015.09.14"]
[SourceQuality "1"]
[WhiteTeam "Baden (W)"]
[BlackTeam "Rheinland Pfalz (W)"]
[WhiteTeamCountry "GER"]
[BlackTeamCountry "GER"]

1. e4 c5 2. Nf3 d6 3. d4 cxd4 4. Nxd4 Nf6 5. f3 a6 6. c4 Nbd7 7. Nc3 e6 8. Be3 Qc7 9. Qd2 b6 10. Be2 Bb7 11. 0-0 Be7 12. Rfc1 Rc8 13. a4 0-0 14. a5 bxa5 15. Nb3 Nc5 16. Nxa5 Rfd8 17. b4 Ncd7 18. Nxb7 Qxb7 19. Rcb1 d5 20. exd5 Bxb4 21. Qb2 Rb8 22. Ra4 a5 23. dxe6 fxe6 24. Nb5 Nb6 25. Ra2 Qc8 26. Rc1 Nbd7 27. Kh1 Nc5 28. Bg5 Qb7 29. Bxf6 Rd2 30. Rc2 Rxc2 31. Qxc2 gxf6 32. Ra1 Rd8 33. Rd1 Rxd1+ 34. Qxd1 Qd7 35. Qxd7 Nxd7 36. Nd4 Nc5 37. Kg1 a4 38. Nc2 Bc3 39. Kf2 Na6 40. Ke3 Bb2 41. c5 Nxc5 42. Bc4 Kg7 43. Nb4 Kg6 44. Nd3 Nxd3 45. Kxd3 e5 1/2-1/2

[Event "GER-ch U18 Girls"]
[Site "Oberhof"]
[Date "2013.05.22"]
[Round "6"]
[White "Spiegelberg, Silvia"]
[Black "Kuehnel, Lena"]
[Result "1-0"]
[WhiteElo "1926"]
[BlackElo "1933"]
[PlyCount "91"]
[EventDate "2013.05.19"]
[EventType "swiss"]
[EventRounds "9"]
[EventCountry "GER"]
[SourceTitle "CBM 154 Extra"]
[Source "ChessBase"]
[SourceDate "2013.06.25"]
[SourceVersion "2"]
[SourceVersionDate "2013.06.25"]
[SourceQuality "1"]

1. e4 c5 2. Nf3 e6 3. d4 cxd4 4. Nxd4 Nf6 5. Bd3 Nc6 6. Nxc6 dxc6 7. Nd2 Qc7 8. Nf3 e5 9. h3 Be7 10. 0-0 0-0 11. b3 Nd7 12. Bb2 f6 13. Bc4+ Kh8 14. Nh4 Nb6 15. Bd3 Be6 16. Qh5 Bf7 17. Qg4 Qd7 18. Nf5 g6 19. Nxe7 Qxe7 20. f4 Nd7 21. Rf2 Rad8 22. Raf1 Be6 23. Qg3 Qc5 24. Kh1 Kg7 25. Qh4 exf4 26. Rxf4 g5 27. Qg3 h6 28. h4 a5 29. Bc4 Bxc4 30. bxc4 Kh7 31. hxg5 Qxg5 32. Qf2 Rg8 33. Rf5 Qg6 34. Bxf6 Nxf6 35. Rxf6 Qg5 36. Rf5 Qg6 37. e5 Rd4 38. Rf7+ Kh8 39. Rf8 Rxc4 40. Rxg8+ Qxg8 41. Qf6+ Kh7 42. Qe7+ Kg6 43. Rf3 Rg4 44. e6 Qg7 45. Qf7+ Kh7 46. e7 1-0

[Event "GER-chT U20 Girls"]
[Site "Osnabrueck"]
[Date "2012.12.29"]
[Round "5.1"]
[White "Schulz, Anja"]
[Black "Kuehnel, Lena"]
[Result "1-0"]
[WhiteElo "2066"]
[BlackElo "1873"]
[PlyCount "85"]
[EventDate "2012.12.27"]
[EventType "team-swiss"]
[EventRounds "7"]
[EventCountry "GER"]
[SourceTitle "EXT 2014"]
[Source "ChessBase"]
[SourceDate "2013.11.20"]
[SourceVersion "1"]
[SourceVersionDate "2013.11.20"]
[SourceQuality "1"]
[WhiteTeam "Rossdorf"]
[BlackTeam "Dortmund 1875"]
[WhiteTeamCountry "GER"]
[BlackTeamCountry "GER"]

1. e4 e5 2. Nf3 Nc6 3. Bb5 a6 4. Ba4 Nf6 5. d3 d6 6. c3 g6 7. 0-0 Bg7 8. Re1 b5 9. Bc2 0-0 10. Nbd2 Re8 11. Nf1 Bb7 12. Ng3 h6 13. h3 d5 14. Be3 Kh7 15. Qe2 Qe7 16. Rad1 Rad8 17. Nh2 d4 18. Bc1 Qc5 19. Bd2 Qe7 20. Kh1 dxc3 21. bxc3 b4 22. Nf3 a5 23. Ba4 Nd7 24. cxb4 Nxb4 25. a3 Nc6 26. Rc1 Nc5 27. Bxc6 Bxc6 28. Be3 Nxd3 29. Rxc6 Nxe1 30. Qxe1 Qxa3 31. Rxc7 Qb3 32. Qxa5 Kg8 33. h4 Ra8 34. Qc5 Bf8 35. Qc6 Qe6 36. Qc1 Rec8 37. h5 Rxc7 38. Qxc7 Bd6 39. Qc1 Rc8 40. Qd2 g5 41. Nf5 Bf8 42. Nh2 Qc4 43. Ng4 1-0

[Event "GER-ch U18 Girls"]
[Site "Oberhof"]
[Date "2012.06.02"]
[Round "9"]
[White "Brandt, Carina"]
[Black "Kuehnel, Lena"]
[Result "1/2-1/2"]
[WhiteElo "1622"]
[BlackElo "2015"]
[PlyCount "45"]
[EventDate "2012.05.27"]
[EventType "swiss"]
[EventRounds "9"]
[EventCountry "GER"]
[SourceTitle "CBM 148 Extra"]
[Source "ChessBase"]
[SourceDate "2012.06.22"]
[SourceVersion "1"]
[SourceVersionDate "2012.06.22"]
[SourceQuality "1"]

1. e4 c5 2. c3 d5 3. exd5 Qxd5 4. d4 g6 5. Be3 cxd4 6. cxd4 Bg7 7. Nc3 Qa5 8. Nf3 Nh6 9. Be2 0-0 10. 0-0 Rd8 11. Qb3 Nf5 12. Rad1 Nc6 13. d5 Ne5 14. Ng5 h6 15. Nge4 Kh7 16. Bc5 Nd7 17. Bb4 Qb6 18. Na4 Qc7 19. d6 Nxd6 20. Nxd6 exd6 21. Bxd6 Qc6 22. Bf3 Qa6 23. Be7 1/2-1/2

[Event "Verbandsliga Nord Baden 1112"]
[Site "Germany"]
[Date "2012.04.29"]
[Round "9.5"]
[White "Kuehnel, Lena"]
[Black "Dushatskiy, Fedor"]
[Result "1/2-1/2"]
[WhiteElo "1942"]
[BlackElo "2218"]
[PlyCount "60"]
[EventDate "2011.10.09"]
[EventType "team-tourn"]
[EventRounds "9"]
[EventCountry "GER"]
[SourceTitle "EXT 2013"]
[Source "ChessBase"]
[SourceDate "2012.11.22"]
[SourceVersion "1"]
[SourceVersionDate "2012.11.22"]
[SourceQuality "1"]
[WhiteTeam "Birkenfeld"]
[BlackTeam "Hockenheim II"]
[WhiteTeamCountry "GER"]
[BlackTeamCountry "GER"]

1. e4 e5 2. Nf3 Nc6 3. Bb5 a6 4. Ba4 d6 5. d4 b5 6. Bb3 Nxd4 7. Nxd4 exd4 8. Bd5 Rb8 9. Qxd4 Bd7 10. a3 Nf6 11. 0-0 Be7 12. Nc3 0-0 13. h3 a5 14. f4 b4 15. axb4 axb4 16. Ne2 c5 17. Qd3 Bb5 18. Bc4 Bxc4 19. Qxc4 d5 20. exd5 Qxd5 21. Qxd5 Nxd5 22. c4 bxc3 23. Nxc3 Nxc3 24. bxc3 Bf6 25. Be3 Bxc3 26. Rac1 Bd4 27. Bxd4 cxd4 28. Rc4 Rbd8 29. Rd1 d3 30. Rd2 g6 1/2-1/2

[Event "Baden-ch U14/20 Girls"]
[Site "Karlsruhe Durlach"]
[Date "2012.01.04"]
[Round "6"]
[White "Kuehnel, Lena"]
[Black "Steimbach, Isabel"]
[Result "1/2-1/2"]
[WhiteElo "1924"]
[BlackElo "1752"]
[PlyCount "77"]
[EventDate "2012.01.02"]
[EventType "swiss"]
[EventRounds "7"]
[EventCountry "GER"]
[SourceTitle "EXT 2015"]
[Source "ChessBase"]
[SourceDate "2014.11.20"]
[SourceVersion "1"]
[SourceVersionDate "2014.11.20"]
[SourceQuality "1"]

1. e4 e5 2. Nf3 d6 3. d4 exd4 4. Nxd4 Nf6 5. Bd3 Be7 6. 0-0 0-0 7. f4 c5 8. Nf3 Qb6 9. c4 Nc6 10. Nc3 a6 11. Kh1 Qc7 12. b3 Be6 13. Bb2 Rad8 14. Qe1 Nb4 15. Rd1 Nxd3 16. Rxd3 b5 17. cxb5 c4 18. Rd4 cxb3 19. axb3 Bxb3 20. bxa6 Bc4 21. Rf2 Bxa6 22. Rfd2 Rfe8 23. Qd1 h6 24. Ne1 Qb6 25. Ba3 Qc7 26. Bb4 Bb7 27. Nc2 Ba8 28. Ne3 Rb8 29. Rc4 Qb6 30. Nf5 Bf8 31. Bxd6 Bxd6 32. Rxd6 Qb3 33. Qxb3 Rxb3 34. Nxh6+ gxh6 35. Rxf6 Bxe4 36. h3 Bd3 37. Rc7 Re1+ 38. Kh2 Bf1 39. Rcxf7 1/2-1/2